[Event "Ambelokipi op 154th"]
[Site "Athens"]
[Date "2015.06.29"]
[Round "1"]
[White "Peppas, Stamatis"]
[Black "Papadimitriou, Loukas"]
[Result "0-1"]
[WhiteElo "1530"]
[BlackElo "2058"]
[PlyCount "72"]
[EventDate "2015.06.29"]
[EventType "swiss"]
[EventRounds "7"]
[EventCountry "GRE"]
[SourceTitle "EXT 2024"]
[Source "ChessBase"]
[SourceDate "2023.10.10"]
[SourceVersion "1"]
[SourceVersionDate "2023.10.10"]
[SourceQuality "1"]

1. c4 c6 2. Nc3 d5 3. cxd5 cxd5 4. d4 Nf6 5. g3 Nc6 6. Bg2 a6 7. e3 b5 8. a3 Bg4 9. Nge2 e6 10. 0-0 Be7 11. b3 0-0 12. Bb2 Qb6 13. h3 Bh5 14. g4 Bg6 15. Nf4 Rfc8 16. Nxg6 hxg6 17. b4 a5 18. Qe2 Rab8 19. bxa5 Nxa5 20. a4 b4 21. Nb5 Nc4 22. Rfc1 Ra8 23. g5 Ne8 24. h4 Ned6 25. Nxd6 Bxd6 26. Rcb1 Qc6 27. Qd1 Ra5 28. Ra2 Rca8 29. Rba1 Qb7 30. Rb1 Qc6 31. Rba1 Rb8 32. Rb1 b3 33. Bc3 bxa2 34. Rxb8+ Bxb8 35. Bxa5 Nxa5 36. Bf1 Qc3 0-1

[Event "Petroupoli ASOP Dias Seniors op"]
[Site "Petroupoli"]
[Date "2014.05.10"]
[Round "7.10"]
[White "Valavanis, Alexandros"]
[Black "Peppas, Stamatis"]
[Result "1/2-1/2"]
[WhiteElo "1231"]
[BlackElo "1333"]
[PlyCount "45"]
[EventDate "2014.03.22"]
[EventType "swiss"]
[EventRounds "7"]
[EventCountry "GRE"]
[SourceTitle "EXT 2024"]
[Source "ChessBase"]
[SourceDate "2023.10.10"]
[SourceVersion "1"]
[SourceVersionDate "2023.10.10"]
[SourceQuality "1"]

1. e4 e5 2. Bc4 Nc6 3. Nf3 Bc5 4. c3 Nf6 5. d4 exd4 6. cxd4 Bb4+ 7. Nc3 Nxe4 8. 0-0 Bxc3 9. d5 Ne5 10. bxc3 Nxc4 11. Qd4 Ncd6 12. Qxg7 Qf6 13. Qxf6 Nxf6 14. Re1+ Kf8 15. Bh6+ Kg8 16. Re5 Nfe4 17. Nd2 f6 18. Re7 Nxd2 19. Rg7+ Kf8 20. Rxh7+ Kg8 21. Rg7+ Kf8 22. Rh7+ Kg8 23. Rg7+ 1/2-1/2

[Event "Attica-ch U14"]
[Site "Athens"]
[Date "2014.04.11"]
[Round "1.4"]
[White "Anthopoulos, Hristos"]
[Black "Peppas, Stamatis"]
[Result "1-0"]
[WhiteElo "1837"]
[BlackElo "1329"]
[PlyCount "93"]
[EventDate "2014.04.11"]
[EventType "swiss"]
[EventRounds "7"]
[EventCountry "GRE"]
[SourceTitle "EXT 2024"]
[Source "ChessBase"]
[SourceDate "2023.10.10"]
[SourceVersion "1"]
[SourceVersionDate "2023.10.10"]
[SourceQuality "1"]

1. e4 e5 2. Nf3 Nf6 3. Nxe5 d6 4. Nf3 Nxe4 5. d4 d5 6. Bd3 Bf5 7. 0-0 Be7 8. Bf4 Nd7 9. c4 c6 10. Nc3 Ndf6 11. cxd5 cxd5 12. Bb5+ Bd7 13. Bxd7+ Qxd7 14. Ne5 Qd8 15. Qa4+ Kf8 16. Qb3 Qb6 17. Qxb6 axb6 18. Nxe4 dxe4 19. a3 Rd8 20. Rfd1 Nd7 21. Nxd7+ Rxd7 22. Rac1 Bd8 23. Kf1 f5 24. Rc8 Kf7 25. Ke2 Re8 26. Rd2 Bg5 27. Rxe8 Bxf4 28. Re5 Bxd2 29. Kxd2 Rxd4+ 30. Ke3 Rd3+ 31. Kf4 Rd2 32. Rxf5+ Kg6 33. Rb5 Rxf2+ 34. Kxe4 Rf6 35. h4 h6 36. h5+ Kf7 37. Rf5 Ke6 38. Rxf6+ Kxf6 39. Kf4 g5+ 40. hxg6 Kxg6 41. a4 b5 42. axb5 Kf6 43. b6 Ke6 44. Ke4 h5 45. g3 Kf6 46. Kf4 Kg6 47. Ke5 1-0

[Event "Petroupoli ASOP Dias Seniors op"]
[Site "Petroupoli"]
[Date "2014.04.05"]
[Round "3.3"]
[White "Georgopoulou, Eytyhia"]
[Black "Peppas, Stamatis"]
[Result "0-1"]
[WhiteElo "1573"]
[BlackElo "1333"]
[PlyCount "80"]
[EventDate "2014.03.22"]
[EventType "swiss"]
[EventRounds "7"]
[EventCountry "GRE"]
[SourceTitle "EXT 2024"]
[Source "ChessBase"]
[SourceDate "2023.10.10"]
[SourceVersion "1"]
[SourceVersionDate "2023.10.10"]
[SourceQuality "1"]

1. d4 d5 2. c4 c6 3. Nf3 Nf6 4. Nc3 e6 5. e3 Nbd7 6. cxd5 exd5 7. Bd3 Bd6 8. h3 0-0 9. 0-0 Re8 10. Qc2 b6 11. Ng5 g6 12. e4 dxe4 13. Ngxe4 Bc7 14. Bg5 Bb7 15. Nxf6+ Nxf6 16. Ne4 Rxe4 17. Bxe4 Qxd4 18. Bxc6 Qd6 19. Rfc1 Qh2+ 20. Kf1 Ba6+ 21. Ke1 Qg1+ 22. Kd2 Qxf2+ 23. Kc3 Qg3+ 24. Kb4 Qd6+ 25. Ka4 Bd3 26. Qc3 b5+ 27. Bxb5 Bxb5+ 28. Kb3 Qd5+ 29. Ka3 Bd6+ 30. b4 Qxg5 31. Qf3 Re8 32. Re1 Rxe1 33. Rxe1 Qd2 34. Rb1 a5 35. Qa8+ Kg7 36. Qxa5 Qc3+ 37. Rb3 Qc1+ 38. Rb2 Be5 39. Qxb5 Qxb2+ 40. Ka4 Qxa2# 0-1

[Event "Petroupoli ASOP Dias Seniors op"]
[Site "Petroupoli"]
[Date "2013.05.11"]
[Round "6.5"]
[White "Peppas, Stamatis"]
[Black "Kavvadas, Dionisios"]
[Result "1/2-1/2"]
[WhiteElo "1346"]
[BlackElo "1365"]
[PlyCount "100"]
[EventDate "2013.03.30"]
[EventType "swiss"]
[EventRounds "7"]
[EventCountry "GRE"]
[SourceTitle "EXT 2024"]
[Source "ChessBase"]
[SourceDate "2023.10.10"]
[SourceVersion "1"]
[SourceVersionDate "2023.10.10"]
[SourceQuality "1"]

1. e4 e5 2. Nf3 Nc6 3. Bb5 a6 4. Ba4 Nf6 5. 0-0 Be7 6. Re1 b5 7. Bb3 0-0 8. c3 d6 9. h3 Na5 10. Bc2 c5 11. d4 cxd4 12. cxd4 Qc7 13. d5 Bd7 14. Bd2 Rfc8 15. Bxa5 Qxa5 16. Nc3 Qc7 17. Rc1 h6 18. Ne2 Qb7 19. Ng3 Bd8 20. Qe2 Bb6 21. Bd3 Rxc1 22. Rxc1 Rc8 23. Rxc8+ Qxc8 24. Qc2 Qxc2 25. Bxc2 Nh7 26. Nd2 Bd4 27. b3 Nf8 28. Ne2 Bc5 29. Kf1 Ng6 30. Nc1 Bb6 31. Nd3 Ne7 32. a4 Kf8 33. Ke2 f5 34. f3 f4 35. Nb4 a5 36. Na6 bxa4 37. bxa4 Bc8 38. Nb8 Bc7 39. Nc6 Nxc6 40. dxc6 Ke7 41. Bb3 Be6 42. Bd5 Bc8 43. Nc4 Ba6 44. Kf2 Bxc4 45. Bxc4 Bb6+ 46. Ke2 g5 47. Kd3 Bc5 48. Bd5 Kd8 49. Kc4 Kc7 50. Kb5 Bb4 1/2-1/2

[Event "Petroupoli ASOP Dias Seniors op"]
[Site "Petroupoli"]
[Date "2013.04.20"]
[Round "4.12"]
[White "Peppas, Stamatis"]
[Black "Papadopoulos, Petros"]
[Result "1-0"]
[WhiteElo "1346"]
[BlackElo "1399"]
[PlyCount "51"]
[EventDate "2013.03.30"]
[EventType "swiss"]
[EventRounds "7"]
[EventCountry "GRE"]
[SourceTitle "EXT 2024"]
[Source "ChessBase"]
[SourceDate "2023.10.10"]
[SourceVersion "1"]
[SourceVersionDate "2023.10.10"]
[SourceQuality "1"]

1. e4 d5 2. exd5 Qxd5 3. Nc3 Qa5 4. d4 e6 5. Bd2 Qb6 6. Nf3 Qxb2 7. Rb1 Qa3 8. Nb5 Qe7 9. Bf4 Na6 10. Bc4 c6 11. Nd6+ Kd8 12. Ne5 Nh6 13. Bxa6 bxa6 14. Nxc6+ Kd7 15. Nxe7 Bxe7 16. Bxh6 gxh6 17. Nxf7 Rf8 18. Nxh6 Bh4 19. 0-0 a5 20. Ng4 h5 21. Ne5+ Kc7 22. Qxh5 Bxf2+ 23. Rxf2 Rxf2 24. Kxf2 Ba6 25. Qf7+ Kc8 26. Qd7# 1-0

[Event "Petroupoli op 5th"]
[Site "Petroupoli"]
[Date "2012.09.26"]
[Round "6"]
[White "Zaharias, Aggelos"]
[Black "Peppas, Stamatis"]
[Result "1-0"]
[WhiteElo "1254"]
[BlackElo "1327"]
[PlyCount "47"]
[EventDate "2012.09.08"]
[EventType "swiss"]
[EventRounds "7"]
[EventCountry "GRE"]
[SourceTitle "CBM 150 Extra"]
[Source "ChessBase"]
[SourceDate "2012.10.19"]
[SourceVersion "1"]
[SourceVersionDate "2012.10.19"]
[SourceQuality "1"]

1. c4 Nf6 2. Nc3 e6 3. g3 d5 4. d4 c6 5. e3 Nbd7 6. a3 Bd6 7. Nf3 0-0 8. Bd3 dxc4 9. Bxc4 b5 10. Bd3 Bb7 11. b4 Qc7 12. 0-0 a5 13. bxa5 Rxa5 14. Bb2 Rfa8 15. Qb3 Qb6 16. e4 Be7 17. e5 Nd5 18. Nxd5 exd5 19. Rfe1 Qa6 20. e6 Nf6 21. exf7+ Kf8 22. Ng5 Bxa3 23. Bxa3+ Rxa3 24. Qb4+ 1-0

[Event "Petroupoli op 5th"]
[Site "Petroupoli"]
[Date "2012.09.22"]
[Round "5"]
[White "Peppas, Stamatis"]
[Black "Foutouhos, Dimitrios"]
[Result "1/2-1/2"]
[WhiteElo "1327"]
[BlackElo "1386"]
[PlyCount "33"]
[EventDate "2012.09.08"]
[EventType "swiss"]
[EventRounds "7"]
[EventCountry "GRE"]
[SourceTitle "CBM 150 Extra"]
[Source "ChessBase"]
[SourceDate "2012.10.19"]
[SourceVersion "1"]
[SourceVersionDate "2012.10.19"]
[SourceQuality "1"]

1. e4 e6 2. d4 d5 3. Nc3 dxe4 4. Nxe4 Nd7 5. Nf3 Ngf6 6. Bd3 Be7 7. 0-0 0-0 8. Bg5 Nxe4 9. Bxe7 Nxf2 10. Bxd8 Nxd1 11. Bxc7 Nxb2 12. Bb5 a6 13. Rfb1 axb5 14. Rxb2 Ra6 15. Ne5 Nxe5 16. Bxe5 Bd7 17. Rc1 1/2-1/2

[Event "Fyli op 4th"]
[Site "Fyli"]
[Date "2012.05.12"]
[Round "5"]
[White "Peppas, Stamatis"]
[Black "Maxilaris, Vasilios"]
[Result "1-0"]
[WhiteElo "1010"]
[BlackElo "1005"]
[PlyCount "51"]
[EventDate "2012.03.24"]
[EventType "swiss"]
[EventRounds "7"]
[EventCountry "GRE"]
[SourceTitle "EXT 2013"]
[Source "ChessBase"]
[SourceDate "2012.11.22"]
[SourceVersion "1"]
[SourceVersionDate "2012.11.22"]
[SourceQuality "1"]

1. e4 e5 2. Nf3 Nc6 3. Bb5 a6 4. Ba4 Bc5 5. 0-0 Nf6 6. Re1 0-0 7. c3 Ng4 8. d4 exd4 9. Nxd4 Bd6 10. Qxg4 Be7 11. Bh6 Bf6 12. f4 d6 13. Qg3 b5 14. Nxc6 Qd7 15. e5 dxe5 16. fxe5 g6 17. Bxf8 Kxf8 18. exf6 bxa4 19. Qe5 Bb7 20. Qe7+ Qxe7 21. fxe7+ Ke8 22. Nd4 h5 23. Nf3 g5 24. Nxg5 f6 25. Nh7 h4 26. Nxf6+ 1-0

[Event "Fyli op 4th"]
[Site "Fyli"]
[Date "2012.04.28"]
[Round "4"]
[White "Tsoukarakis, Ioannis"]
[Black "Peppas, Stamatis"]
[Result "1/2-1/2"]
[WhiteElo "1434"]
[BlackElo "1010"]
[PlyCount "98"]
[EventDate "2012.03.24"]
[EventType "swiss"]
[EventRounds "7"]
[EventCountry "GRE"]
[SourceTitle "EXT 2013"]
[Source "ChessBase"]
[SourceDate "2012.11.22"]
[SourceVersion "1"]
[SourceVersionDate "2012.11.22"]
[SourceQuality "1"]

1. e4 e5 2. d4 exd4 3. Qxd4 Nc6 4. Qe3 Nf6 5. Nc3 Bb4 6. Bd2 0-0 7. 0-0-0 Re8 8. f3 Bxc3 9. Bxc3 d5 10. Bxf6 Qxf6 11. Rxd5 Be6 12. Rd1 Bxa2 13. Bb5 a6 14. Ba4 b5 15. Bb3 Bxb3 16. Qxb3 Rad8 17. Ne2 Nd4 18. Rxd4 Rxd4 19. Nxd4 Qxd4 20. Qd3 Rd8 21. Rd1 Qxd3 22. cxd3 c5 23. Kd2 c4 24. Ke3 Rc8 25. dxc4 bxc4 26. Kd2 Rb8 27. Kc3 g6 28. Ra1 Kf8 29. Rxa6 Rb3+ 30. Kc2 Re3 31. Kd2 Rd3+ 32. Ke2 Rb3 33. Ra2 Ke7 34. Kd2 Kd6 35. f4 f5 36. exf5 gxf5 37. Ra6+ Kc5 38. Ra5+ Kd4 39. Kc1 c3 40. bxc3+ Rxc3+ 41. Kb2 Re3 42. Rxf5 Re2+ 43. Kb3 Rxg2 44. Rh5 Ke4 45. f5 Rf2 46. Rxh7 Rxf5 47. h4 Kf4 48. Kc4 Kg4 49. Kd4 Rh5 1/2-1/2

[Event "Fyli op 4th"]
[Site "Fyli"]
[Date "2012.04.07"]
[Round "3"]
[White "Peppas, Stamatis"]
[Black "Papastavridis, Efthimios"]
[Result "0-1"]
[WhiteElo "1010"]
[BlackElo "1690"]
[PlyCount "92"]
[EventDate "2012.03.24"]
[EventType "swiss"]
[EventRounds "7"]
[EventCountry "GRE"]
[SourceTitle "EXT 2013"]
[Source "ChessBase"]
[SourceDate "2012.11.22"]
[SourceVersion "1"]
[SourceVersionDate "2012.11.22"]
[SourceQuality "1"]

1. e4 e6 2. d4 d5 3. Nc3 Nf6 4. Bg5 Be7 5. Bxf6 Bxf6 6. Nf3 Bd7 7. Bd3 dxe4 8. Bxe4 Bc6 9. Qd3 Bxe4 10. Qxe4 c6 11. 0-0 0-0 12. Rad1 Qc7 13. Qd3 Nd7 14. Ne4 h6 15. Nxf6+ Nxf6 16. Ne5 Rfd8 17. Rfe1 c5 18. c3 cxd4 19. cxd4 Rd5 20. Rc1 Qb6 21. Re2 Rxd4 22. Qb1 Rad8 23. Rec2 Qd6 24. g3 Qxe5 25. Rc8 Qe4 26. Qxe4 Nxe4 27. Rxd8+ Rxd8 28. Rc4 Nf6 29. b4 Rd7 30. a4 Nd5 31. Rd4 Rc7 32. b5 b6 33. a5 bxa5 34. Ra4 Rb7 35. Rxa5 Nc3 36. Ra3 Nxb5 37. Rb3 a6 38. Rd3 Ra7 39. Rd8+ Kh7 40. f4 a5 41. g4 a4 42. g5 hxg5 43. fxg5 a3 44. Rd1 a2 45. Ra1 Nd4 46. h4 Nc2 0-1

[Event "Fyli op 4th"]
[Site "Fyli"]
[Date "2012.03.24"]
[Round "1"]
[White "Peppas, Stamatis"]
[Black "Diamandis, Georgios"]
[Result "0-1"]
[WhiteElo "1010"]
[BlackElo "1821"]
[PlyCount "80"]
[EventDate "2012.03.24"]
[EventType "swiss"]
[EventRounds "7"]
[EventCountry "GRE"]
[SourceTitle "EXT 2013"]
[Source "ChessBase"]
[SourceDate "2012.11.22"]
[SourceVersion "1"]
[SourceVersionDate "2012.11.22"]
[SourceQuality "1"]

1. e4 c5 2. Nf3 Nc6 3. d4 cxd4 4. Nxd4 g6 5. Nc3 Bg7 6. Be3 Nf6 7. Be2 a6 8. Qd2 d6 9. f3 Bd7 10. 0-0-0 Rc8 11. g4 Ne5 12. b3 Qa5 13. Kb2 b5 14. Nd5 Qd8 15. Nxf6+ Bxf6 16. g5 Bg7 17. f4 Ng4 18. h3 Nxe3 19. Qxe3 e5 20. fxe5 Bxe5 21. Rhf1 0-0 22. h4 Qa5 23. Kb1 Rc3 24. Qd2 b4 25. Bc4 Qc5 26. a3 a5 27. Rf3 Bxd4 28. Qxd4 Qxd4 29. Rxd4 Rxf3 30. Rxd6 Bc8 31. axb4 axb4 32. Be2 Re3 33. Bd3 Be6 34. Rb6 Bxb3 35. Rxb4 Be6 36. c4 Rxd3 37. Kc2 Rh3 38. c5 Ra8 39. Kb2 Ra2+ 40. Kb1 Rh1# 0-1